000 00944nam1a22002291i 4500
001 rc\2960093
005 20240723225152.0
035 _a(NLR Aleph) 007106890
090 _a6727771
_c6727771
100 _a20110905d1939 |||y0rusy50 ca
101 0 _arus
102 _aRU
105 _ay z |||||
200 1 _aПрограмма по математическому анализу
_e(Для всех специальностей). Вып. 2 -
_fСост. С.С. Державин
_gЦентр. заоч. авиац. ин-т гражд. возд. флота
210 _aЛенинград
_cБ. и.
_d1939
_gтип. Коминтерн
215 _d22 см
702 1 _aДержавин
_bС.С.
_4220
710 0 2 _aЦентральный заочный институт гражданского воздушного флота
_cЛенинград
801 0 _aRU
_bNLR
_gpsbo
801 1 _aRU
_bELAR
_2rusmarc
852 _aNLR
_j39-17/253
942 _cBOOK